000 00672nam a2200241 a 4500
999 _c977
_d977
008 191114r19932003ii ao||g |||| 00| 0beng d
020 _a9780143031789
_cRs. 299.00
040 _aKO
_beng
041 0 _aeng
044 _aii
082 0 4 _223
_a361.3092
_bC399
100 1 _aChawla, Navin
245 1 0 _aMother Teresa /
_cNavin Chawla
260 _aNew Delhi :
_bPenguin Books India Pvt. Ltd. ,
_c1993, reprinted 2003
300 _axxv, 297 p. :
_bill. ;
_c20 cm
504 _aIncludes Index.
600 _aTeresa, Mother
650 0 _aMissionaries of Charity
_vBiography
_zIndia
650 0 _aNuns
_vBiography
_zKolkata
904 _aA_BOSE
942 _cBK